Statistics for What's my synonym?

Click here to take the quiz!

General Stats

  • This quiz has been taken 30 times
  • The average score is 5 of 15

Answer Stats

HintAnswer% Correct
gladhappy
96%
sickill
67%
sleepytired
63%
finishend
54%
yellshout
46%
closeshut
46%
pickchoose
42%
crysob
25%
hopewish
17%
smartclever
13%
keepsave
4%
commonplaceboring
0%
importantessential
0%
uselessirrelevant
0%
suitableuniform
0%

Score Distribution

Percentile by Number Answered

Percent of People with Each Score

Your Score History

You have not taken this quiz